Random Country flags - Statistics

General Stats
  • This quiz has been taken 229 times
  • The average score is 13 of 22
Answer Stats
Picture Answer % Correct
France
97%
Jamaica
73%
Russia
71%
Germany
69%
Bangladesh
68%
Iran
68%
Austria
65%
Algeria
62%
Estonia
62%
Ghana
62%
Panama
59%
Peru
59%
Thailand
59%
Fiji
57%
Liberia
53%
Antigua and Barbuda
50%
Kuwait
50%
Brunei
48%
Burundi
48%
Belize
46%
Guyana
44%
Solomon islands
37%
No matching quizzes found
Score Distribution
Percent of People with Each Score
Percentile by Number Answered
Your Score History
You have not taken this quiz